000 00285nam a22001217a 4500
008 181206b xxu||||| |||| 00| 0 eng d
041 _aeng
080 _a710
100 _a45
101 _aART
245 _aPecos To Ric Grande Interpretations Of West
_cRon.T
942 _2udc
_cBK
999 _c52932
_d52932